[Event "KONIK MORSKI REWALA 2013-B"]
[Site "Rewal"]
[Date "2013.08.20"]
[Round "1.26"]
[White "Zhuk, Dmitriy"]
[Black "Najdzionek, Boleslaw"]
[Result "0-1"]
[WhiteElo "1593"]
[BlackElo "1911"]
[PlyCount "118"]
[EventDate "2013.??.??"]

1. e4 c5 2. Nf3 Nc6 3. c3 d5 4. exd5 Qxd5 5. d4 Bg4 6. Be3 Bxf3 7. gxf3 O-O-O
8. c4 Qh5 9. d5 e6 10. Nc3 Nf6 11. Be2 exd5 12. f4 Qf5 13. cxd5 Nb4 14. Rc1 Kb8
15. Rg1 h6 16. Qb3 g6 17. Bc4 Nd3+ 18. Bxd3 Qxd3 19. Rd1 Qf5 20. Qc4 Nd7 21.
Rg2 Be7 22. Kf1 Rhe8 23. a4 Nb6 24. Qb5 Qd7 25. Qd3 Nxa4 26. Nxa4 Qxa4 27. b3
Qd7 28. Qc4 Qd6 29. f5 g5 30. h4 f6 31. hxg5 hxg5 32. Ra1 Qxd5 33. Qc2 Qd3+ 34.
Qxd3 Rxd3 35. b4 b6 36. bxc5 Bxc5 37. Ke2 Rd5 38. Rh2 Rxf5 39. Rh7 Re7 40. Rh8+
Kb7 41. Rd1 Bxe3 42. fxe3 Rfe5 43. Rd3 f5 44. Kf3 Re4 45. Rf8 f4 46. exf4 Rxf4+
47. Rxf4 gxf4 48. Kxf4 a5 49. Kf3 Ka6 50. Kf2 a4 51. Rd6 Ka5 52. Rd5+ b5 53.
Rd4 a3 54. Rd2 Ka4 55. Rc2 b4 56. Rd2 Rb7 57. Ke1 b3 58. Rd4+ Rb4 59. Rd8 b2
0-1

[Event "KONIK MORSKI REWALA 2013-B"]
[Site "Rewal"]
[Date "2013.08.20"]
[Round "1.27"]
[White "Murawko, Katarzyna"]
[Black "Posuniak, Weronika"]
[Result "1-0"]
[WhiteElo "1904"]
[BlackElo "1584"]
[PlyCount "69"]
[EventDate "2013.??.??"]

1. e4 c6 2. d4 d5 3. Nc3 dxe4 4. Nxe4 Bf5 5. Ng3 Bg6 6. h4 h6 7. Nf3 Nd7 8. h5
Bh7 9. Bd3 Bxd3 10. Qxd3 Qc7 11. Bd2 Ngf6 12. O-O-O O-O-O 13. c4 e6 14. Bc3 Bd6
15. Ne4 Nxe4 16. Qxe4 Nf6 17. Qe2 Qe7 18. a3 Nd7 19. Rhe1 Rde8 20. Qc2 Qf6 21.
d5 Bf4+ 22. Kb1 e5 23. Ng1 Qd6 24. g3 Bg5 25. Qa4 Qc5 26. dxc6 Qxc6 27. Qxa7
Qxc4 28. f4 Be7 29. Bxe5 Qa6 30. Rc1+ Bc5 31. Rxc5+ Nxc5 32. Qb8+ Kd7 33. Qc7+
Ke6 34. Qxc5 f6 35. Bd6+ 1-0

[Event "KONIK MORSKI REWALA 2013-B"]
[Site "Rewal"]
[Date "2013.08.20"]
[Round "1.28"]
[White "Kozaczynska, Aleksandra"]
[Black "Zurek, Jacek"]
[Result "1-0"]
[WhiteElo "1584"]
[BlackElo "1898"]
[PlyCount "107"]
[EventDate "2013.??.??"]

1. e4 c6 2. d4 d5 3. Nc3 b5 4. a3 dxe4 5. Nxe4 Nf6 6. Nxf6+ exf6 7. d5 Bb7 8.
Be3 Qxd5 9. Qxd5 cxd5 10. Bxb5+ Bc6 11. Bxc6+ Nxc6 12. Nf3 Bd6 13. O-O-O Ne7
14. Nd4 a6 15. Ne2 Be5 16. Bc5 Rd8 17. Nd4 Bd6 18. Bxd6 Rxd6 19. Rhe1 Kd7 20.
Rxe7+ Kxe7 21. Nf5+ Kd7 22. Nxd6 Kxd6 23. c4 Kc5 24. Rxd5+ Kxc4 25. Rd7 g6 26.
Rxf7 f5 27. Rb7 g5 28. Rg7 h6 29. Rg6 a5 30. Kc2 Re8 31. b3+ Kc5 32. Kd3 Rd8+
33. Kc3 Rd1 34. Rxh6 Rc1+ 35. Kd2 Rb1 36. b4+ axb4 37. axb4+ Rxb4 38. Rh5 Rb2+
39. Kd3 Rxf2 40. Rxg5 Kd5 41. Ke3 Rf1 42. h4 Ke6 43. g3 Kf6 44. Rg8 Kf7 45. Ra8
Kg6 46. Ra6+ Kh5 47. Ke2 Rb1 48. Kf3 Rf1+ 49. Kg2 Rb1 50. Rf6 Rb5 51. Kf3 Rb3+
52. Kf4 Rb4+ 53. Kxf5 Rxh4 54. gxh4 1-0

[Event "KONIK MORSKI REWALA 2013-B"]
[Site "Rewal"]
[Date "2013.08.20"]
[Round "1.29"]
[White "Czepczynski, Boguslaw"]
[Black "Maczka, Miroslawa"]
[Result "0-1"]
[WhiteElo "1890"]
[BlackElo "1563"]
[PlyCount "116"]
[EventDate "2013.??.??"]

1. c4 Nf6 2. Nc3 g6 3. Nf3 Bg7 4. g3 d6 5. Bg2 O-O 6. O-O Nbd7 7. d4 Re8 8. e4
e5 9. Bg5 c6 10. Rc1 exd4 11. Nxd4 Nc5 12. b4 Ne6 13. Nxe6 Bxe6 14. c5 h6 15.
Bf4 dxc5 16. Qxd8 Raxd8 17. bxc5 Rd3 18. Bd6 Nd7 19. Ne2 Bxa2 20. f4 Rd2 21.
Rfe1 Bb2 22. Rcd1 Rc2 23. Nc1 Be6 24. Nd3 Bd4+ 25. Kh1 Bxc5 26. Nxc5 Nxc5 27.
f5 Bb3 28. Bxc5 Rxc5 29. Rb1 Rc3 30. fxg6 fxg6 31. e5 Kg7 32. Rb2 a5 33. Rd2
Re7 34. Rd6 a4 35. Be4 Bf7 36. Bb1 Be6 37. Kg2 a3 38. Re2 b5 39. Rf2 a2 40.
Bxa2 Bxa2 41. Rxa2 b4 42. Ra8 c5 43. Raa6 b3 44. Rxg6+ Kf7 45. Raf6+ Ke8 46. e6
Kd8 47. Rg8+ Kc7 48. Rff8 b2 49. Rc8+ Kd6 50. Rb8 Rc2+ 51. Kh3 Rxe6 52. Rb7 c4
53. Rgb8 c3 54. Rb4 Rd2 55. Rc8 Re1 56. Rcb8 c2 57. R8b6+ Ke5 58. Rxb2 c1=Q 0-1

[Event "KONIK MORSKI REWALA 2013-B"]
[Site "Rewal"]
[Date "2013.08.20"]
[Round "1.30"]
[White "Kasianczuk, Krzysztof"]
[Black "Smieszek, Wojciech"]
[Result "0-1"]
[WhiteElo "1560"]
[BlackElo "1887"]
[PlyCount "104"]
[EventDate "2013.??.??"]

1. e4 c5 2. Nc3 Nc6 3. g3 g6 4. Bg2 Bg7 5. d3 d6 6. Nge2 e6 7. Be3 Nge7 8. Qc1
O-O 9. Bh6 Rb8 10. h4 Bxh6 11. Qxh6 f6 12. Bh3 Ne5 13. Qe3 d5 14. Qxc5 b6 15.
Qa3 Nf3+ 16. Kf1 a6 17. Rd1 b5 18. Qb3 b4 19. exd5 bxc3 20. Qxb8 Qxd5 21. Nxc3
Qc6 22. Qb4 Nf5 23. Qe4 Bb7 24. Bg2 Qd7 25. Qc4 Rc8 26. Qa4 Qe7 27. Ne4 Ne5 28.
Nxf6+ Qxf6 29. Bxb7 Nxg3+ 30. Kg2 Nxh1 31. Rxh1 Rf8 32. Qd4 Qf5 33. Rh3 a5 34.
Rg3 Rf7 35. Be4 Qf4 36. f3 Rd7 37. Qc3 Nf7 38. Qc8+ Rd8 39. Qxe6 Qd2+ 40. Kh3
Qe1 41. h5 Qh1+ 42. Kg4 Qxh5+ 43. Kf4 Qh6+ 44. Kg4 Rd6 45. Qc8+ Kg7 46. Qc3+
Rf6 47. Rg2 g5 48. f4 Qh4+ 49. Kf3 Qxf4+ 50. Ke2 Nd6 51. Qc7+ Rf7 52. Qc5 Nxe4
0-1

[Event "KONIK MORSKI REWALA 2013-B"]
[Site "Rewal"]
[Date "2013.08.20"]
[Round "1.31"]
[White "Ziaja, Krystian"]
[Black "Kwasniewski, Pawel"]
[Result "1/2-1/2"]
[WhiteElo "1885"]
[BlackElo "1536"]
[PlyCount "44"]
[EventDate "2013.??.??"]

1. e4 c6 2. d4 d5 3. exd5 cxd5 4. Nf3 Bg4 5. c3 Nc6 6. Bf4 e6 7. Nbd2 Bd6 8.
Bxd6 Qxd6 9. Bd3 Nge7 10. O-O Ng6 11. h3 Nf4 12. hxg4 Nxd3 13. g3 Nxb2 14. Qb3
Nc4 15. Nxc4 dxc4 16. Qxc4 h5 17. gxh5 Rxh5 18. Kg2 Qd5 19. Qb3 Na5 20. Qa4+ b5
21. Qc2 Rf5 22. Qe2 Rc8 1/2-1/2

[Event "KONIK MORSKI REWALA 2013-B"]
[Site "Rewal"]
[Date "2013.08.20"]
[Round "1.32"]
[White "Mielczarek, Joanna"]
[Black "Puroila, Sippo"]
[Result "1-0"]
[WhiteElo "1509"]
[BlackElo "1880"]
[PlyCount "113"]
[EventDate "2013.??.??"]

1. e4 c5 2. Nf3 Nc6 3. d4 cxd4 4. Nxd4 Nf6 5. Nc3 e5 6. Ndb5 d6 7. Bg5 Be7 8.
Bxf6 gxf6 9. Nd5 Kf8 10. Qd2 h5 11. O-O-O a6 12. Nbc7 Ra7 13. Nxe7 Kxe7 14.
Nd5+ Ke8 15. Ne3 Ke7 16. Nc4 Nd4 17. c3 b5 18. Nxe5 dxe5 19. cxd4 Qxd4 20. Qxd4
exd4 21. Rxd4 Be6 22. b3 Rc7+ 23. Kb2 Rg8 24. g3 h4 25. Bd3 Rh8 26. Rf1 Bh3 27.
Rc1 Rxc1 28. Kxc1 hxg3 29. hxg3 Bg4 30. Kd2 Rh1 31. Be2 Be6 32. Ke3 Ra1 33. Rd2
Re1 34. f4 Rc1 35. f5 Bd7 36. Kf4 Rc5 37. Bf3 Rc3 38. g4 Bc6 39. Bg2 Rc5 40. g5
fxg5+ 41. Kxg5 f6+ 42. Kg6 Re5 43. Rc2 Bd7 44. Rc7 b4 45. Rb7 a5 46. Rb6 Rc5
47. Rxf6 Rc2 48. Bf3 Rc3 49. Rf7+ Kd8 50. Bh5 Be8 51. Kf6 Rh3 52. Bg6 Bxf7 53.
Kxf7 Re3 54. f6 Re2 55. Kg7 Rf2 56. e5 Rf4 57. e6 1-0

[Event "KONIK MORSKI REWALA 2013-B"]
[Site "Rewal"]
[Date "2013.08.20"]
[Round "1.33"]
[White "Lopuszanski, Kamil"]
[Black "Rudol, Matylda"]
[Result "1-0"]
[WhiteElo "1879"]
[BlackElo "1483"]
[PlyCount "83"]
[EventDate "2013.??.??"]

1. d4 d5 2. c4 e6 3. Nf3 c6 4. e3 Nf6 5. Nc3 Bd6 6. Bd3 Nbd7 7. O-O O-O 8. Qc2
Re8 9. b3 dxc4 10. bxc4 e5 11. Bb2 exd4 12. exd4 Nf8 13. Rfe1 Be6 14. Rad1 Qd7
15. Ne5 Qc7 16. f4 Ng4 17. h3 Nxe5 18. fxe5 Be7 19. Ne4 h6 20. Re3 Ng6 21. Rf1
Qd7 22. Kh1 Nh4 23. Rg3 Nf5 24. Nf6+ Bxf6 25. Bxf5 Bg5 26. Qe4 Qe7 27. d5 cxd5
28. cxd5 Bxf5 29. Qxf5 Rf8 30. Ba3 Qc7 31. Bxf8 Rxf8 32. Rb3 b6 33. e6 Bf6 34.
Qg4 fxe6 35. Qxe6+ Kh8 36. Rbf3 Qd8 37. Re3 Qb8 38. d6 Kh7 39. d7 Qc7 40. Qe4+
Kg8 41. Qd5+ Kh7 42. Re8 1-0

[Event "KONIK MORSKI REWALA 2013-B"]
[Site "Rewal"]
[Date "2013.08.20"]
[Round "1.34"]
[White "Rudol, Maria"]
[Black "Fronczak, Sebastian"]
[Result "0-1"]
[WhiteElo "1446"]
[BlackElo "1859"]
[PlyCount "100"]
[EventDate "2013.??.??"]

1. c4 Nf6 2. Nc3 g6 3. g3 Bg7 4. Bg2 O-O 5. e3 c6 6. Nge2 Na6 7. d3 Nc7 8. O-O
d5 9. cxd5 Nfxd5 10. d4 Be6 11. Rb1 Qd7 12. b4 Rfd8 13. a4 Bg4 14. f3 Bh3 15.
Qc2 Nxc3 16. Nxc3 Bxg2 17. Kxg2 Ne6 18. Ne4 b6 19. Ba3 Rac8 20. Rfc1 Kh8 21.
Qe2 f5 22. Nf2 Nc7 23. Rc2 Nd5 24. Nd3 Bh6 25. Bc1 Qe6 26. Ne5 Bg7 27. Nd3 Kg8
28. a5 Rc7 29. axb6 axb6 30. e4 fxe4 31. fxe4 Nf6 32. e5 Qd5+ 33. Kh3 Ne4 34.
Nf4 Ng5+ 35. Kg4 Qf7 36. Qc4 Rxd4 37. Qxf7+ Nxf7 38. Be3 Nxe5+ 39. Kh3 Rc4 40.
Rd2 Rd7 41. Ra2 Kf7 42. Bxb6 Rb7 43. Bf2 Rcxb4 44. Re1 Rb2 45. Rxb2 Rxb2 46.
Bd4 Rxh2+ 47. Kxh2 Nf3+ 48. Kg2 Nxe1+ 49. Kf2 Bxd4+ 50. Kxe1 Be5 0-1

[Event "KONIK MORSKI REWALA 2013-B"]
[Site "Rewal"]
[Date "2013.08.20"]
[Round "1.35"]
[White "Zarubitski, Viachaslau"]
[Black "Kowacz, Agnieszka"]
[Result "1-0"]
[WhiteElo "1848"]
[BlackElo "1366"]
[PlyCount "49"]
[EventDate "2013.??.??"]

1. e4 e6 2. d3 d5 3. Nd2 d4 4. f4 c5 5. g3 b5 6. a4 bxa4 7. Nc4 Bd7 8. Bg2 Bc6
9. Nf3 f6 10. O-O Ne7 11. Nh4 g6 12. Bh3 Qd7 13. f5 e5 14. Bg4 g5 15. Bh5+ Kd8
16. Bxg5 fxg5 17. Nxe5 Qb7 18. Nf7+ Kc7 19. Nxh8 Bg7 20. f6 Bxh8 21. fxe7 gxh4
22. e8=Q Bxe8 23. Bxe8 Qc8 24. Qh5 Qh3 25. Qxc5+ 1-0

[Event "KONIK MORSKI REWALA 2013-B"]
[Site "Rewal"]
[Date "2013.08.21"]
[Round "2.1"]
[White "Grabowski, Adam"]
[Black "Smieszek, Wojciech"]
[Result "1-0"]
[WhiteElo "2086"]
[BlackElo "1887"]
[PlyCount "87"]
[EventDate "2013.??.??"]

1. d4 Nf6 2. Nf3 c5 3. e3 cxd4 4. exd4 g6 5. Bg5 Bg7 6. Bd3 O-O 7. O-O d6 8. h3
Nc6 9. c3 e5 10. d5 Ne7 11. Bc4 h6 12. Bxf6 Bxf6 13. Nbd2 Bg7 14. Bb3 f5 15.
Nc4 Kh8 16. Re1 g5 17. a4 Ng6 18. g3 b6 19. Nh2 Qf6 20. Bc2 Bd7 21. Na3 Rac8
22. a5 e4 23. axb6 axb6 24. Qe2 Ne5 25. Nb1 Rce8 26. Nd2 Re7 27. Nb3 Rfe8 28.
Nd4 Qf7 29. Red1 Nd3 30. Nc6 Bxc6 31. dxc6 f4 32. g4 f3 33. Qe3 Nf4 34. Rxd6
Be5 35. Rd7 Nd5 36. Qxe4 Rxd7 37. cxd7 Qxd7 38. Qxf3 Qd6 39. Nf1 Nf4 40. Ne3
Qc5 41. Ra8 Nxh3+ 42. Qxh3 Rxa8 43. Qxh6+ Kg8 44. Bb3+ 1-0

[Event "KONIK MORSKI REWALA 2013-B"]
[Site "Rewal"]
[Date "2013.08.21"]
[Round "2.2"]
[White "Fronczak, Sebastian"]
[Black "Stankiewicz, Pawel"]
[Result "0-1"]
[WhiteElo "1859"]
[BlackElo "2058"]
[PlyCount "106"]
[EventDate "2013.??.??"]

1. e4 e6 2. d4 d5 3. Nd2 Nf6 4. e5 Nfd7 5. Bd3 c5 6. c3 Nc6 7. Ne2 cxd4 8. cxd4
f6 9. exf6 Nxf6 10. Nf3 Bd6 11. O-O Qc7 12. g3 O-O 13. Bf4 Bd7 14. Re1 Rae8 15.
Rc1 Bxf4 16. Nxf4 Qb6 17. b3 Re7 18. Ng5 Nxd4 19. Bxh7+ Nxh7 20. Ng6 Ree8 21.
Qh5 Nxg5 22. Qh8+ Kf7 23. Ne5+ Ke7 24. Qxg7+ Nf7 25. Ng6+ Kd6 26. Nxf8 Nf3+ 27.
Kg2 Nxe1+ 28. Rxe1 Re7 29. Ng6 d4 30. Qf6 Bc6+ 31. Kg1 Rd7 32. Nf8 Qb4 33.
Qxe6+ Kc7 34. Nxd7 Ng5 35. Qe5+ Kxd7 36. Qf5+ Kc7 37. Rc1 Qd2 38. Qe5+ Kd7 39.
Qf5+ Ke7 40. Qe5+ Kf7 41. Qf5+ Kg7 42. Qe5+ Kg6 43. Qd6+ Kh5 44. g4+ Kxg4 45.
Qg3+ Kh5 46. Rf1 Nf3+ 47. Kh1 Qd3 48. Rc1 Nh4+ 49. Kg1 Qe4 50. Rc5+ Bd5 51. f4
Nf3+ 52. Kg2 Qe2+ 53. Kh3 Qf1+ 0-1

[Event "KONIK MORSKI REWALA 2013-B"]
[Site "Rewal"]
[Date "2013.08.21"]
[Round "2.3"]
[White "Jaskolka, Tomasz"]
[Black "Lopuszanski, Kamil"]
[Result "0-1"]
[WhiteElo "2019"]
[BlackElo "1879"]
[PlyCount "130"]
[EventDate "2013.??.??"]

1. e4 e5 2. Nf3 Nc6 3. Bc4 Bc5 4. c3 Nf6 5. d3 d6 6. Be3 Bb6 7. Nbd2 O-O 8. Bb3
Be6 9. Qe2 Re8 10. Ba4 h6 11. h3 Rb8 12. Nf1 Bxe3 13. fxe3 b5 14. Bc2 d5 15.
exd5 Nxd5 16. g4 Qd6 17. Ng3 Qc5 18. Kd2 g6 19. g5 h5 20. Nh2 Bxh3 21. Bb3 Na5
22. Bxd5 Qxd5 23. Ne4 Kg7 24. Nf6 Nc4+ 25. Kc2 Qg2 26. Nxe8+ Rxe8 27. Qxg2
Nxe3+ 28. Kd2 Nxg2 29. a4 b4 30. cxb4 Rd8 31. Nf3 e4 32. Rxh3 Rxd3+ 33. Kc1 Nf4
34. Rh4 Rxf3 35. Ra3 Rf2 36. Kd1 e3 37. Rxe3 Ng2 38. Ree4 Nxh4 39. Rxh4 Rxb2
40. b5 Rg2 41. Rc4 Rg4 42. Rxc7 Rxa4 43. Ke2 Ra5 44. Rb7 a6 45. bxa6 Rxa6 46.
Rb5 Ra7 47. Kf3 f6 48. gxf6+ Kxf6 49. Kg3 Re7 50. Kh4 Re4+ 51. Kg3 Re5 52. Rb3
Kf5 53. Rb8 Re4 54. Kf2 Re6 55. Kg3 g5 56. Rf8+ Rf6 57. Rh8 h4+ 58. Kh3 Kf4 59.
Rh7 Kf3 60. Rh5 Rf5 61. Kh2 Kf2 62. Rh8 g4 63. Rh7 g3+ 64. Kh3 g2 65. Rxh4 Rf3+
0-1

[Event "KONIK MORSKI REWALA 2013-B"]
[Site "Rewal"]
[Date "2013.08.21"]
[Round "2.4"]
[White "Jedras, Piotr"]
[Black "Zarubitski, Viachaslau"]
[Result "1/2-1/2"]
[WhiteElo "2008"]
[BlackElo "1874"]
[PlyCount "128"]
[EventDate "2013.??.??"]

1. e4 c5 2. Nf3 e6 3. d4 cxd4 4. Nxd4 a6 5. Bd3 Bc5 6. Nb3 Ba7 7. c4 Nc6 8. Nc3
Nge7 9. Qe2 Ng6 10. f4 Nd4 11. Nxd4 Bxd4 12. Be3 Qb6 13. Bxd4 Qxd4 14. Rf1 O-O
15. O-O-O Rb8 16. h4 d6 17. h5 Ne7 18. e5 Qa7 19. exd6 Nc6 20. h6 g6 21. d7
Bxd7 22. Bxg6 hxg6 23. Rxd7 Rbd8 24. Ne4 Rxd7 25. Nf6+ Kh8 26. Nxd7 Rc8 27. Ne5
Nd4 28. Nxf7+ Kg8 29. Qe5 Nf5 30. Nd6 Qe3+ 31. Qxe3 Nxe3 32. Re1 Rc6 33. Rxe3
Rxd6 34. Kc2 Kh7 35. Rd3 Rc6 36. Rd7+ Kxh6 37. Kd3 b5 38. cxb5 axb5 39. Rb7 Rc5
40. Ke4 g5 41. g3 gxf4 42. Kxf4 Kg6 43. b3 Kf6 44. Ke4 Rd5 45. Rb6 Kf7 46. g4
Kf6 47. Rb7 Re5+ 48. Kd4 Rd5+ 49. Kc3 e5 50. a4 bxa4 51. bxa4 Rd1 52. Rb8 Ra1
53. Ra8 Kg5 54. Rg8+ Kf4 55. Kb4 e4 56. a5 e3 57. Re8 Rb1+ 58. Kc5 Ra1 59. Kb6
Rb1+ 60. Ka7 Rb3 61. a6 Kxg4 62. Ka8 Kf3 63. a7 e2 64. Re3+ Kxe3 1/2-1/2

[Event "KONIK MORSKI REWALA 2013-B"]
[Site "Rewal"]
[Date "2013.08.21"]
[Round "2.5"]
[White "Zurkowski, Andrzej"]
[Black "Kardasz, Wladyslaw"]
[Result "1-0"]
[WhiteElo "2003"]
[BlackElo "1846"]
[PlyCount "45"]
[EventDate "2013.??.??"]

1. d4 Nf6 2. c4 e5 3. d5 c5 4. Nc3 d6 5. e4 Be7 6. h3 Nbd7 7. Be3 a6 8. Bd3 Nf8
9. Nge2 Ng6 10. g4 O-O 11. Qc2 Bd7 12. f4 exf4 13. Bxf4 Ne8 14. O-O-O b5 15.
Rdg1 bxc4 16. Bxc4 Bf6 17. Ng3 Bb5 18. Nd1 Rb8 19. Nh5 Kh8 20. Rh2 Qb6 21. h4
Bxc4 22. Qxc4 Bxb2+ 23. Rxb2 1-0

[Event "KONIK MORSKI REWALA 2013-B"]
[Site "Rewal"]
[Date "2013.08.21"]
[Round "2.6"]
[White "Kosakowski, Jakub"]
[Black "Suliborski, Jakub"]
[Result "0-1"]
[WhiteElo "1846"]
[BlackElo "2002"]
[PlyCount "92"]
[EventDate "2013.??.??"]

1. e4 e6 2. d4 d5 3. Nc3 Bb4 4. e5 c5 5. a3 Ba5 6. b4 cxd4 7. Nb5 Bc7 8. f4 Bd7
9. Nf3 Ne7 10. Bb2 O-O 11. Nbxd4 Nbc6 12. Bd3 h6 13. O-O Bb6 14. Kh1 Nxd4 15.
Nxd4 Nc6 16. Nb5 a5 17. Qg4 axb4 18. Rf3 f5 19. exf6 Rxf6 20. Rg3 Qf8 21. Rf1
d4 22. Rff3 Qe7 23. Be4 e5 24. f5 Nd8 25. Bd5+ Kh8 26. Bc1 Qf8 27. Qh4 Nf7 28.
Rg6 Bd8 29. Qh5 Be8 30. Qh3 Raa6 31. Rxf6 Rxf6 32. a4 Qc5 33. Be4 Bc6 34. Qg4
Bxe4 35. Qxe4 Qc6 36. Qe2 b3 37. Rxb3 Rxf5 38. h3 Ng5 39. Bxg5 Bxg5 40. a5 Be3
41. Na7 Qf6 42. Rb1 Rf2 43. Qc4 Qf5 44. a6 Rxc2 45. axb7 Rxc4 46. b8=Q+ Kh7 0-1

[Event "KONIK MORSKI REWALA 2013-B"]
[Site "Rewal"]
[Date "2013.08.21"]
[Round "2.8"]
[White "Zarnowski, Krzysztof"]
[Black "Kuciel, Wladyslaw"]
[Result "1-0"]
[WhiteElo "1817"]
[BlackElo "1978"]
[PlyCount "109"]
[EventDate "2013.??.??"]

1. d4 Nf6 2. c4 e6 3. Nc3 Bb4 4. Nf3 O-O 5. Bg5 b6 6. Qc2 Bb7 7. e3 d6 8. Nd2
Nbd7 9. f3 e5 10. O-O-O h6 11. h4 Qe8 12. Bxf6 Nxf6 13. Bd3 d5 14. Rhe1 c5 15.
dxe5 Qxe5 16. Nxd5 Nxd5 17. cxd5 Bxd5 18. a3 c4 19. Bh7+ Kh8 20. axb4 c3 21.
bxc3 g6 22. f4 Qf6 23. e4 Rac8 24. Kb2 Bb7 25. Bxg6 Qxg6 26. Nf3 Qg4 27. f5
Rfe8 28. Rd4 Rg8 29. Re2 Qg3 30. Qd2 Qg7 31. g4 Rc7 32. g5 h5 33. Rd6 Re8 34.
f6 Qf8 35. Rd4 Rec8 36. Re3 Qe8 37. Qe2 Qa4 38. Ne5 Kg8 39. Qxh5 Qe8 40. Qh6
Qf8 41. Qxf8+ Rxf8 42. Nc4 Bc8 43. Nd6 Be6 44. e5 a5 45. bxa5 bxa5 46. c4 a4
47. h5 Rb8+ 48. Ka2 Rc5 49. g6 a3 50. Nxf7 Bxf7 51. gxf7+ Kxf7 52. Rd7+ Ke6 53.
Re7+ Kf5 54. f7 Rxc4 55. Re8 1-0

[Event "KONIK MORSKI REWALA 2013-B"]
[Site "Rewal"]
[Date "2013.08.21"]
[Round "2.9"]
[White "Powalka, Michal"]
[Black "Milanowski, Jan"]
[Result "1/2-1/2"]
[WhiteElo "1768"]
[BlackElo "1971"]
[PlyCount "88"]
[EventDate "2013.??.??"]

1. e4 d6 2. d4 g6 3. f4 Bg7 4. Nf3 e6 5. Bd3 Ne7 6. O-O c5 7. c3 Nbc6 8. dxc5
dxc5 9. Be3 b6 10. Qe2 Qc7 11. Nbd2 O-O 12. Rad1 a6 13. a4 a5 14. Nc4 Ba6 15.
Nd6 Bxd3 16. Rxd3 Rad8 17. Rfd1 Nc8 18. e5 Nxd6 19. exd6 Qd7 20. Bf2 Rfe8 21.
Bh4 f6 22. Re3 Rb8 23. Qc4 Nd8 24. Ne1 Rb7 25. Nc2 Nf7 26. Red3 b5 27. Qxc5 Rc8
28. Qf2 bxa4 29. Na3 Rc6 30. Qd2 Rbb6 31. Bf2 Rb3 32. Qe2 Bf8 33. R3d2 Kg7 34.
Nc4 Rb5 35. Ne5 Rxe5 36. fxe5 Nxe5 37. Rd4 Rxd6 38. Rxd6 Bxd6 39. Qa6 Nf7 40.
Qxa5 Bxh2+ 41. Kxh2 Qxd1 42. Bc5 Qd5 43. Qa7 Qe5+ 44. Kh1 Qe1+ 1/2-1/2

[Event "KONIK MORSKI REWALA 2013-B"]
[Site "Rewal"]
[Date "2013.08.21"]
[Round "2.10"]
[White "Jablonska, Sabina"]
[Black "Woloch, Oskar"]
[Result "0-1"]
[WhiteElo "1957"]
[BlackElo "1779"]
[PlyCount "88"]
[EventDate "2013.??.??"]

1. e4 e5 2. Nf3 Nc6 3. Bc4 Nf6 4. d3 Bc5 5. c3 a6 6. Bb3 Ba7 7. Nbd2 O-O 8. h3
d6 9. Nf1 Ne7 10. Be3 Ng6 11. Bc2 Qe7 12. g4 c6 13. Ng3 Nf4 14. Bxf4 exf4 15.
Nf5 Bxf5 16. gxf5 g6 17. fxg6 fxg6 18. Qd2 Nd7 19. O-O-O Ne5 20. Nh2 b5 21. d4
Nc4 22. Qd3 Kh8 23. Nf3 Rfd8 24. h4 c5 25. h5 g5 26. h6 Rg8 27. Rdg1 cxd4 28.
cxd4 Rg6 29. Rh5 Rag8 30. Qc3 g4 31. Nh4 Qf6 32. e5 dxe5 33. dxe5 Qe6 34. Nxg6+
hxg6 35. Rg5 g3 36. Rd1 gxf2 37. Qd3 Ne3 38. Qd6 Qxd6 39. Rxd6 Rc8 40. Rd2 Kh7
41. e6 Nxc2 42. Rxc2 Re8 43. Re2 Kxh6 44. Ree5 Rxe6 0-1

[Event "KONIK MORSKI REWALA 2013-B"]
[Site "Rewal"]
[Date "2013.08.21"]
[Round "2.11"]
[White "Kostanski, Marcin"]
[Black "Kozaczynska, Aleksandra"]
[Result "1-0"]
[WhiteElo "1930"]
[BlackElo "1584"]
[PlyCount "97"]
[EventDate "2013.??.??"]

1. d4 Nf6 2. Nf3 g6 3. c4 Bg7 4. Nc3 d6 5. e4 O-O 6. Be2 e5 7. O-O Nc6 8. d5
Ne7 9. Ne1 Ne8 10. Be3 f5 11. f3 Nf6 12. c5 a6 13. Rc1 Bd7 14. Qb3 Qc8 15. Nd3
f4 16. Bf2 Ne8 17. cxd6 Nxd6 18. Na4 Bxa4 19. Qxa4 b5 20. Qc2 Ne8 21. Nc5 Rf6
22. Bh4 Rf7 23. Ne6 Qd7 24. Qb3 h6 25. Rc2 g5 26. Bf2 Rc8 27. Qa3 Ra8 28. Rfc1
c6 29. Nxg7 Kxg7 30. dxc6 Qe6 31. Bxb5 Qf6 32. c7 Nd6 33. Bc6 Rc8 34. Bd7 Nb5
35. Qb4 Nd5 36. exd5 Rxd7 37. a4 Rdxc7 38. Rxc7+ Rxc7 39. Rxc7+ Nxc7 40. Qb7
Qf7 41. d6 Ne6 42. Qxa6 Qd7 43. b4 Nd4 44. b5 Nf5 45. Bc5 Ne7 46. Qa7 Qxa7 47.
Bxa7 Nc8 48. d7 Nxa7 49. d8=Q 1-0

[Event "KONIK MORSKI REWALA 2013-B"]
[Site "Rewal"]
[Date "2013.08.21"]
[Round "2.12"]
[White "Murawko, Julia"]
[Black "Kaluzny, Wlodzimierz"]
[Result "0-1"]
[WhiteElo "1687"]
[BlackElo "1922"]
[PlyCount "76"]
[EventDate "2013.??.??"]

1. e4 e5 2. d4 d6 3. Nf3 Nf6 4. Nc3 Be7 5. Be2 b6 6. Bg5 Bb7 7. Bd3 Nbd7 8. O-O
c5 9. d5 O-O 10. Bxf6 Bxf6 11. Ne2 g6 12. c4 Qe7 13. b4 Bg7 14. Ng3 Bc8 15. Qc2
h5 16. Rfe1 h4 17. Nf1 Qf6 18. Ne3 Qf4 19. Qe2 Nf6 20. g3 hxg3 21. fxg3 Qh6 22.
Qf2 Nh5 23. Nh4 Bf6 24. Nhg2 Be7 25. Be2 f5 26. exf5 gxf5 27. Qf3 Ng7 28. Rf1
Bd7 29. Rae1 a5 30. b5 Rf7 31. Nc2 Raf8 32. Qe3 Bg5 33. Qd3 f4 34. gxf4 Bxf4
35. Nxf4 Rxf4 36. Rxf4 Rxf4 37. Rf1 Bf5 38. Qc3 Qg6+ 0-1

[Event "KONIK MORSKI REWALA 2013-B"]
[Site "Rewal"]
[Date "2013.08.21"]
[Round "2.13"]
[White "Najdzionek, Boleslaw"]
[Black "Mielczarek, Joanna"]
[Result "0-1"]
[WhiteElo "1911"]
[BlackElo "1509"]
[PlyCount "100"]
[EventDate "2013.??.??"]

1. d4 Nf6 2. c4 g6 3. Nc3 Bg7 4. e4 d6 5. Nf3 O-O 6. Be2 Nbd7 7. O-O e5 8. Bg5
exd4 9. Nxd4 h6 10. Bh4 c6 11. Rc1 a5 12. Kh1 Qc7 13. f4 Re8 14. Bf3 Nc5 15.
Re1 Kh7 16. Rc2 Bg4 17. Rce2 Bxf3 18. Nxf3 Nh5 19. Qd2 Bf6 20. Bf2 Rad8 21. g3
Bg7 22. Qc2 Bf8 23. a3 Ng7 24. b4 axb4 25. axb4 Nd7 26. Bd4 Ne6 27. Be3 Ra8 28.
f5 Ng7 29. Rf1 Ne5 30. Nxe5 dxe5 31. fxg6+ fxg6 32. c5 Ne6 33. Ref2 Re7 34. Qb3
Bg7 35. Na4 Nd4 36. Qd1 Rd8 37. Qb1 Ra8 38. Nb6 Ra3 39. Bd2 Nb5 40. Nc4 Ra8 41.
Qc1 Nd4 42. Bc3 Rd8 43. Nd6 b6 44. Qd1 bxc5 45. bxc5 Nb5 46. Bb4 Red7 47. Rf7
Rxf7 48. Rxf7 Qxf7 49. Qe2 Nxd6 50. cxd6 Bf8 0-1

[Event "KONIK MORSKI REWALA 2013-B"]
[Site "Rewal"]
[Date "2013.08.21"]
[Round "2.14"]
[White "Jaskiewicz, Kamila"]
[Black "Murawko, Katarzyna"]
[Result "1/2-1/2"]
[WhiteElo "1676"]
[BlackElo "1904"]
[PlyCount "37"]
[EventDate "2013.??.??"]

1. Nf3 c5 2. c4 g6 3. g3 Bg7 4. Bg2 Nc6 5. O-O Nf6 6. Nc3 O-O 7. d4 cxd4 8.
Nxd4 Nxd4 9. Qxd4 d6 10. Qd2 Rb8 11. b3 a6 12. Bb2 b5 13. cxb5 axb5 14. a3 Bb7
15. Bxb7 Rxb7 16. Nd5 Nxd5 17. Bxg7 Kxg7 18. Qxd5 Qb6 19. Rfc1 1/2-1/2

[Event "KONIK MORSKI REWALA 2013-B"]
[Site "Rewal"]
[Date "2013.08.21"]
[Round "2.15"]
[White "Maczka, Miroslawa"]
[Black "Poswiatowski, Michal"]
[Result "0-1"]
[WhiteElo "1563"]
[BlackElo "2085"]
[PlyCount "54"]
[EventDate "2013.??.??"]

1. c4 c5 2. Nc3 g6 3. g3 Bg7 4. Bg2 Nh6 5. d3 O-O 6. Bd2 Nc6 7. Nf3 Nf5 8. O-O
e6 9. Rb1 d5 10. a3 a5 11. Nb5 d4 12. b4 axb4 13. axb4 cxb4 14. Bxb4 Nxb4 15.
Rxb4 Bd7 16. Nd2 Bc6 17. Ne4 h5 18. Qc2 Qe7 19. c5 b6 20. Rc1 Ra5 21. Rcb1 bxc5
22. Nxc5 Bxg2 23. Kxg2 h4 24. Ne4 Rb8 25. Qc7 Qd8 26. g4 h3+ 27. Kh1 Qxc7 0-1

[Event "KONIK MORSKI REWALA 2013-B"]
[Site "Rewal"]
[Date "2013.08.21"]
[Round "2.16"]
[White "Koziej, Maciej"]
[Black "Prominski, Piotr"]
[Result "1-0"]
[WhiteElo "2063"]
[BlackElo "1796"]
[PlyCount "82"]
[EventDate "2013.??.??"]

1. d4 d5 2. Nf3 Nf6 3. Bf4 e6 4. e3 Be7 5. Nbd2 O-O 6. Bd3 c5 7. c3 Nc6 8. Ne5
Bd6 9. Bg3 Qc7 10. f4 b6 11. O-O Bb7 12. Bh4 Be7 13. Rf3 Nxe5 14. fxe5 Ne4 15.
Rh3 f5 16. exf6 Bxf6 17. Nxe4 dxe4 18. Bc4 Qe7 19. Qh5 h6 20. Rf1 Bxh4 21.
Rxf8+ Rxf8 22. Rxh4 Qf6 23. Rf4 Qe7 24. Rxf8+ Kxf8 25. Qe5 Kf7 26. dxc5 bxc5
27. b4 cxb4 28. cxb4 Qf6 29. Qc7+ Qe7 30. Qxe7+ Kxe7 31. Kf2 e5 32. Ke2 Kd6 33.
Kd2 Kc6 34. Kc3 Kd6 35. Kb3 Bd5 36. Bxd5 Kxd5 37. Kc3 Kd6 38. Kc4 Kc6 39. a4 h5
40. h4 g6 41. b5+ Kd6 1-0